| 000 | 01033cam a22002174a 4500 | ||
|---|---|---|---|
| 005 | 20250605163957.0 | ||
| 008 | 250528s ||||||||||||||||||||||||d | ||
| 035 | _a15492 | ||
| 020 | _a333335295 | ||
| 040 |
_aGR-AtMCL _bgre _dGR-AtMCL _eAACR2 |
||
| 245 | 1 | _aMastering Business Communication | |
| 260 | _c1983 | ||
| 300 | _a310 | ||
| 520 | _aAll the essential information to learn and master business communication. Introduction, Correspondence, Reports, Summarizing, Advertising and Publicity, Manuals and Instructions and Form Design, Meetings Documentation, Meetings, Spoken Communication, Listening and Reading, The Role of Audio-Visual Aids, Thinking and Planning, Language, Non-Verbal Communication, Charts and Graphs, Analysis and Interpretation, External and Internal Communication, Management Communication, Information Technology - The Future, Appendices, Index. | ||
| 700 | 1 |
_aMacmillan _9736 |
|
| 700 | 1 |
_aUnwin R. W _91427 |
|
| 700 | 1 |
_aWoolcott A. L _91428 |
|
| 942 | _cBK | ||
| 999 |
_c1071 _d1071 |
||